00423 a2200109 4500001001000000005001700010008004100027245013300068100002700201773006800228999001700296ART_4173120260410161805.0260409a 10a¿El retorno de la calificación de conducta? A propósito de la transparencia en las conductas de los operadores económicos1 aJunyent Bas, Francisco0 tDoctrina Societaria y Concursalg- Nº 309 (ago. 2013)wREV4298 c20970d20970